[Event "Abe Yanofsky mem."]
[Site "Winnipeg CAN"]
[Date "2012.07.29"]
[Round "5"]
[White "Babb, Jeff"]
[Black "Willis, Bradley"]
[Result "1/2-1/2"]
[WhiteElo "2214"]
[BlackElo "2048"]
[PlyCount "50"]
[GameId "2160767909441832"]
[EventDate "2012.07.27"]
[EventType "swiss"]
[EventRounds "5"]
[EventCountry "CAN"]
[SourceTitle "EXT 2022"]
[Source "ChessBase"]
[SourceDate "2021.10.06"]
[SourceVersion "1"]
[SourceVersionDate "2021.10.06"]
[SourceQuality "1"]

1. f4 Nf6 2. Nf3 g6 3. b3 Bg7 4. Bb2 O-O 5. e3 d6 6. Be2 Nc6 7. O-O e5 8. fxe5 Ng4 9. Nc3 Ncxe5 10. Nxe5 Nxe5 11. d4 Nc6 12. Bc4 Na5 13. Bd5 c6 14. Bf3 d5 15. e4 dxe4 16. Nxe4 f5 17. Nf2 c5 18. c3 cxd4 19. cxd4 Nc6 20. d5 Bxb2 21. dxc6 Qxd1 22. Raxd1 bxc6 23. Bxc6 Rb8 24. Rfe1 Bb7 25. Bd7 Bc8 1/2-1/2

[Event "Abe Yanofsky mem."]
[Site "Winnipeg CAN"]
[Date "2012.07.29"]
[Round "5"]
[White "Chandrashekhar, Iyer"]
[Black "Baragar, Fletcher"]
[Result "0-1"]
[WhiteElo "2183"]
[BlackElo "2248"]
[PlyCount "106"]
[GameId "2160767909441833"]
[EventDate "2012.07.27"]
[EventType "swiss"]
[EventRounds "5"]
[EventCountry "CAN"]
[SourceTitle "EXT 2022"]
[Source "ChessBase"]
[SourceDate "2021.10.06"]
[SourceVersion "1"]
[SourceVersionDate "2021.10.06"]
[SourceQuality "1"]

1. e4 c5 2. Nf3 Nc6 3. c3 e6 4. d4 d5 5. e5 Bd7 6. Bd3 cxd4 7. cxd4 Qb6 8. O-O Nxd4 9. Nxd4 Qxd4 10. Qe2 Ne7 11. Be3 Qxe5 12. f4 Qf6 13. f5 e5 14. Nc3 d4 15. Nb5 Bxb5 16. Bxb5+ Nc6 17. Bxd4 O-O-O 18. Bxc6 Rxd4 19. Bf3 Qb6 20. Rac1+ Kb8 21. Kh1 Bd6 22. Rfd1 Rd8 23. Rxd4 exd4 24. Qe4 f6 25. g3 Be5 26. Qd3 a6 27. b4 Rd7 28. Qc4 Rc7 29. Qg8+ Ka7 30. Rxc7 Qxc7 31. Qd5 Qc1+ 32. Kg2 Qb2+ 33. Kh3 Qxb4 34. Be4 Qb5 35. Qxb5 axb5 36. Kg2 Kb6 37. Kf3 Kc5 38. Ke2 Kc4 39. Kd2 b6 40. Kc2 Bd6 41. Bd3+ Kd5 42. Kd2 h5 43. Ke2 Kc5 44. Kd2 Kb4 45. Be4 Kc4 46. Kc2 Bb4 47. h3 Be1 48. g4 h4 49. Bd3+ Kd5 50. Kd1 Bb4 51. Ke2 Ke5 52. Kf3 Bd2 53. Ke2 Be3 0-1

[Event "Abe Yanofsky mem."]
[Site "Winnipeg CAN"]
[Date "2012.07.29"]
[Round "5"]
[White "Cleto, Sam"]
[Black "Wiebe, Daniel"]
[Result "0-1"]
[WhiteElo "1884"]
[BlackElo "1998"]
[PlyCount "56"]
[GameId "2160767909441834"]
[EventDate "2012.07.27"]
[EventType "swiss"]
[EventRounds "5"]
[EventCountry "CAN"]
[SourceTitle "EXT 2022"]
[Source "ChessBase"]
[SourceDate "2021.10.06"]
[SourceVersion "1"]
[SourceVersionDate "2021.10.06"]
[SourceQuality "1"]

1. e4 c5 2. Nf3 d6 3. d4 cxd4 4. Nxd4 Nf6 5. Nc3 a6 6. Be2 e6 7. O-O Be7 8. f4 O-O 9. Qe1 Nc6 10. Nxc6 bxc6 11. Be3 Rb8 12. b3 Qa5 13. Nd5 Qd8 14. Nxe7+ Qxe7 15. e5 Nd5 16. Bd2 c5 17. Rd1 dxe5 18. fxe5 Nb4 19. Qg3 Qc7 20. Bh6 f6 21. exf6 Qxg3 22. f7+ Kh8 23. hxg3 gxh6 24. Rd6 Kg7 25. Bh5 Nd5 26. Be2 Ne3 27. Rf3 Nf5 28. Rdd3 Nd4 0-1

[Event "Abe Yanofsky mem."]
[Site "Winnipeg CAN"]
[Date "2012.07.29"]
[Round "5"]
[White "Currie, James"]
[Black "Kaptsan, Aron"]
[Result "0-1"]
[WhiteElo "1996"]
[BlackElo "2045"]
[PlyCount "112"]
[GameId "2160767909441835"]
[EventDate "2012.07.27"]
[EventType "swiss"]
[EventRounds "5"]
[EventCountry "CAN"]
[SourceTitle "EXT 2022"]
[Source "ChessBase"]
[SourceDate "2021.10.06"]
[SourceVersion "1"]
[SourceVersionDate "2021.10.06"]
[SourceQuality "1"]

1. e4 e5 2. f4 exf4 3. Nf3 h6 4. d4 g5 5. h4 Bg7 6. Nc3 d6 7. hxg5 hxg5 8. Rxh8 Bxh8 9. Ne2 Nc6 10. Qd3 g4 11. Nfg1 Qh4+ 12. g3 fxg3 13. Bg2 Qh2 14. Kf1 Bd7 15. Bf4 O-O-O 16. c3 Nge7 17. b4 f5 18. b5 Na5 19. Qxg3 Qxg3 20. Bxg3 Bxb5 21. Rb1 Bd3 22. Rd1 Bxe4 23. Bh4 Bxg2+ 24. Kxg2 Kd7 25. Nf4 Nc4 26. Re1 Re8 27. Re6 Nc6 28. Rh6 Nxd4 29. cxd4 Bxd4 30. Nge2 Be5 31. Rh7+ Kc6 32. Bf2 a5 33. Rf7 b5 34. Ng6 b4 35. Ne7+ Kb7 36. Nd5 Rc8 37. Nd4 Bxd4 38. Bxd4 Ne5 39. Rg7 Nf3 40. Bb6 Ka6 41. Bxc7 Kb5 42. Kg3 Rh8 43. Nf4 Rh1 44. Rg8 Rg1+ 45. Ng2 Ra1 46. Ne3 Rxa2 47. Nxf5 Kc6 48. Bb8 b3 49. Bxd6 b2 50. Rb8 Nd2 51. Rc8+ Kd5 52. Rd8 b1=Q 53. Bf4+ Ke6 54. Nd4+ Kf7 55. Kxg4 Ra4 56. Nf5 Qd1+ 0-1

[Event "Abe Yanofsky mem."]
[Site "Winnipeg CAN"]
[Date "2012.07.29"]
[Round "5"]
[White "Melamedoff, Gustavo"]
[Black "Swift, Ryne"]
[Result "1/2-1/2"]
[WhiteElo "2125"]
[BlackElo "1815"]
[PlyCount "64"]
[GameId "2160767909441836"]
[EventDate "2012.07.27"]
[EventType "swiss"]
[EventRounds "5"]
[EventCountry "CAN"]
[SourceTitle "EXT 2022"]
[Source "ChessBase"]
[SourceDate "2021.10.06"]
[SourceVersion "1"]
[SourceVersionDate "2021.10.06"]
[SourceQuality "1"]

1. e4 e5 2. Nf3 Nc6 3. Bb5 a6 4. Bxc6 dxc6 5. O-O f6 6. d4 exd4 7. Qxd4 Qxd4 8. Nxd4 Bc5 9. Nb3 Bb6 10. Nc3 Be6 11. Bf4 O-O-O 12. Na4 Ne7 13. Nxb6+ cxb6 14. Rad1 Rxd1 15. Rxd1 Rd8 16. Rxd8+ Kxd8 17. f3 Kd7 18. Kf2 c5 19. Be3 Nc6 20. Bd2 a5 21. f4 a4 22. Nc1 b5 23. Ke3 Kd6 24. b3 Nd4 25. c3 axb3 26. axb3 Nxb3 27. Nxb3 Bxb3 28. g4 Bd1 29. g5 fxg5 30. fxg5 Bc2 31. Be1 h6 32. gxh6 gxh6 1/2-1/2

[Event "Abe Yanofsky mem."]
[Site "Winnipeg CAN"]
[Date "2012.07.29"]
[Round "5"]
[White "Moleta, Johan Kenneth"]
[Black "Moncal, Nilo"]
[Result "0-1"]
[WhiteElo "1944"]
[BlackElo "2098"]
[PlyCount "70"]
[GameId "2160767909441837"]
[EventDate "2012.07.27"]
[EventType "swiss"]
[EventRounds "5"]
[EventCountry "CAN"]
[SourceTitle "EXT 2022"]
[Source "ChessBase"]
[SourceDate "2021.10.06"]
[SourceVersion "1"]
[SourceVersionDate "2021.10.06"]
[SourceQuality "1"]

1. d4 Nf6 2. c4 c5 3. e3 g6 4. Nc3 Bg7 5. Nf3 O-O 6. Be2 cxd4 7. exd4 d5 8. cxd5 Nxd5 9. O-O Nc6 10. Bc4 Nb6 11. Bb3 Nxd4 12. Nxd4 Qxd4 13. Qe2 e6 14. Rd1 Qe5 15. Qf3 Qf5 16. Qe2 Bd7 17. Be3 Bc6 18. Bc2 Qa5 19. Bd4 Bxd4 20. Rxd4 Rad8 21. Rad1 Rxd4 22. Rxd4 Nd5 23. Nxd5 Bxd5 24. h3 Qxa2 25. Bd3 a5 26. Rh4 Rc8 27. Qd2 Qa1+ 28. Kh2 Qc1 29. Qe2 Qc7+ 30. Kg1 Qe7 31. Qg4 Rc1+ 32. Kh2 Qd6+ 33. f4 Bxg2 34. Bxg6 hxg6 35. Qxg2 Qd3 0-1

[Event "Abe Yanofsky mem."]
[Site "Winnipeg CAN"]
[Date "2012.07.29"]
[Round "5"]
[White "Nikouline, Alexandre"]
[Black "De Groot, Steven"]
[Result "0-1"]
[WhiteElo "2090"]
[BlackElo "1897"]
[PlyCount "94"]
[GameId "2160767909441838"]
[EventDate "2012.07.27"]
[EventType "swiss"]
[EventRounds "5"]
[EventCountry "CAN"]
[SourceTitle "EXT 2022"]
[Source "ChessBase"]
[SourceDate "2021.10.06"]
[SourceVersion "1"]
[SourceVersionDate "2021.10.06"]
[SourceQuality "1"]

1. e4 c5 2. Nf3 d6 3. Bb5+ Bd7 4. Bxd7+ Qxd7 5. c4 Nc6 6. d3 Nf6 7. O-O g6 8. Nc3 Bg7 9. Bd2 O-O 10. Qc1 Ng4 11. h3 Nge5 12. Ne1 Nb4 13. Qb1 Nec6 14. a3 Na6 15. Ne2 Nc7 16. Bc3 Ne6 17. Bxg7 Kxg7 18. f4 Ned4 19. Nxd4 Nxd4 20. b4 b5 21. Qb2 f6 22. Nf3 Nxf3+ 23. Rxf3 Rab8 24. Qf2 bxc4 25. dxc4 cxb4 26. axb4 Rxb4 27. Rxa7 Rb7 28. Rfa3 Rfb8 29. Kh2 Rxa7 30. Rxa7 Rb7 31. Ra8 Qc6 32. Qd4 Rb4 33. Qa7 Qxe4 34. Qa2 Qxf4+ 35. Kg1 Qd4+ 36. Kh1 Qxc4 37. Qd2 Qe4 38. Ra1 Qd4 39. Qe1 Qe5 40. Qxb4 Qxa1+ 41. Kh2 Qe5+ 42. Kh1 d5 43. Kg1 d4 44. h4 Qe3+ 45. Kh2 d3 46. h5 d2 47. Qa4 Qe5+ 0-1

[Event "Abe Yanofsky mem."]
[Site "Winnipeg CAN"]
[Date "2012.07.29"]
[Round "5"]
[White "Pottinger, Carl"]
[Black "Czarny, Keith"]
[Result "1/2-1/2"]
[WhiteElo "1869"]
[BlackElo "1655"]
[PlyCount "72"]
[GameId "2160767740940998"]
[EventDate "2012.07.27"]
[EventType "swiss"]
[EventRounds "5"]
[EventCountry "CAN"]

1. c4 c5 2. g3 Nf6 3. Bg2 Nc6 4. Nc3 g6 5. e4 d6 6. Nge2 Bg7 7. d3 O-O 8. O-O Bd7 9. h3 Qc8 10. Kh2 Ne8 11. f4 Nc7 12. Be3 Ne6 13. Qd2 Ned4 14. Nd5 Qd8 15. f5 Nxe2 16. Qxe2 e6 17. fxe6 Bxe6 18. Qd2 Qa5 19. Rf2 Qxd2 20. Rxd2 Bxd5 21. exd5 Ne5 22. Rb1 f5 23. b3 Rae8 24. Bg1 Rf7 25. d4 cxd4 26. Bxd4 Rfe7 27. Bxa7 Bh6 28. Rc2 Nd3 29. a4 Re2 30. Rxe2 Rxe2 31. Kg1 f4 32. Bf1 Rd2 33. Bxd3 Rxd3 34. Bb8 f3 35. Bxd6 Be3+ 36. Kf1 Rd2 {Last few moves not quite clear, but game soon ended in a draw.} 1/2-1/2

[Event "Abe Yanofsky mem."]
[Site "Winnipeg CAN"]
[Date "2012.07.29"]
[Round "5"]
[White "Repa, Jason"]
[Black "Wasserman, Leor"]
[Result "1-0"]
[WhiteElo "2106"]
[BlackElo "2033"]
[PlyCount "61"]
[GameId "2160767909441839"]
[EventDate "2012.07.27"]
[EventType "swiss"]
[EventRounds "5"]
[EventCountry "CAN"]
[SourceTitle "EXT 2022"]
[Source "ChessBase"]
[SourceDate "2021.10.06"]
[SourceVersion "1"]
[SourceVersionDate "2021.10.06"]
[SourceQuality "1"]

1. f4 Nf6 2. Nf3 e6 3. e3 d5 4. b3 Bd6 5. Bb2 c5 6. Be2 Nc6 7. Bb5 Bd7 8. O-O O-O 9. Qe1 Rc8 10. Qg3 Kh8 11. d3 a6 12. Bxc6 Bxc6 13. Ne5 b5 14. Nd2 c4 15. Nxc6 Rxc6 16. dxc4 dxc4 17. Qf3 Rc8 18. Bxf6 Qxf6 19. Ne4 Qe7 20. Nxd6 Qxd6 21. Rad1 Qa3 22. Rd7 Qxa2 23. Qb7 Kg8 24. Rxf7 Qb2 25. f5 Rb8 26. fxe6 Rfe8 27. Qc7 Rbc8 28. e7 Ra8 29. Qf4 Qa3 30. Qe5 Qa1 31. Qxa1 1-0

[Event "Abe Yanofsky mem."]
[Site "Winnipeg CAN"]
[Date "2012.07.29"]
[Round "5"]
[White "Schulz, Waldemar"]
[Black "Green, Aaron"]
[Result "1/2-1/2"]
[WhiteElo "2045"]
[BlackElo "2002"]
[PlyCount "61"]
[GameId "2160767909441840"]
[EventDate "2012.07.27"]
[EventType "swiss"]
[EventRounds "5"]
[EventCountry "CAN"]
[SourceTitle "EXT 2022"]
[Source "ChessBase"]
[SourceDate "2021.10.06"]
[SourceVersion "1"]
[SourceVersionDate "2021.10.06"]
[SourceQuality "1"]

1. Nf3 Nf6 2. g3 g6 3. Bg2 Bg7 4. O-O O-O 5. c4 d6 6. Nc3 e5 7. d4 Nc6 8. dxe5 Nxe5 9. Nxe5 dxe5 10. Qxd8 Rxd8 11. Bg5 Rf8 12. Rad1 c6 13. Rd6 Ne8 14. Rd8 f6 15. Be3 Nc7 16. Rfd1 Be6 17. Rxa8 Rxa8 18. b3 f5 19. Na4 Na6 20. Nc5 Nxc5 21. Bxc5 Bf8 22. Bxf8 Kxf8 23. Bf1 Ke7 24. Kg2 Rd8 25. Rxd8 Kxd8 26. Kf3 c5 27. h4 Ke7 28. e4 Kf6 29. Ke3 h6 30. Bg2 b6 31. Bf1 1/2-1/2

[Event "Abe Yanofsky mem. U1800"]
[Site "Winnipeg CAN"]
[Date "2012.07.27"]
[Round "1"]
[White "Czarny, Keith"]
[Black "Reimer, Bruce"]
[Result "0-1"]
[WhiteElo "1655"]
[BlackElo "1446"]
[PlyCount "70"]
[GameId "2160767909441841"]
[EventDate "2012.07.27"]
[EventType "swiss"]
[EventRounds "5"]
[EventCountry "CAN"]
[SourceTitle "EXT 2022"]
[Source "ChessBase"]
[SourceDate "2021.10.06"]
[SourceVersion "1"]
[SourceVersionDate "2021.10.06"]
[SourceQuality "1"]

1. Nf3 Nf6 2. Nc3 d6 3. e4 g6 4. d4 Bg7 5. Bc4 O-O 6. O-O Bg4 7. Be2 Nbd7 8. Be3 e5 9. dxe5 dxe5 10. Nd2 Be6 11. Nb3 Qe7 12. Qc1 b6 13. Bh6 Nc5 14. Bxg7 Kxg7 15. Nxc5 Qxc5 16. h3 Rfd8 17. Nd1 Nxe4 18. Bf3 Ng3 19. Re1 Rab8 20. Nc3 Nf5 21. Ne4 Qe7 22. b3 Nh4 23. Re3 Bd5 24. Nd2 Qg5 25. Qf1 Rd6 26. Nc4 Nxf3+ 27. Rxf3 Bxf3 28. Nxd6 cxd6 29. c4 d5 30. cxd5 Bxd5 31. f3 Rc8 32. Rd1 Be6 33. Qe2 Bxh3 34. Rd5 Rc1+ 35. Kf2 Qxg2+ 0-1

[Event "Abe Yanofsky mem. U1800"]
[Site "Winnipeg CAN"]
[Date "2012.07.27"]
[Round "1"]
[White "Einarsson, Ken"]
[Black "Baron, Cody"]
[Result "0-1"]
[WhiteElo "1746"]
[BlackElo "1551"]
[PlyCount "82"]
[GameId "2160767909441842"]
[EventDate "2012.07.27"]
[EventType "swiss"]
[EventRounds "5"]
[EventCountry "CAN"]
[SourceTitle "EXT 2022"]
[Source "ChessBase"]
[SourceDate "2021.10.06"]
[SourceVersion "1"]
[SourceVersionDate "2021.10.06"]
[SourceQuality "1"]

1. d4 d5 2. c4 c6 3. Nc3 Bf5 4. Nf3 Nf6 5. Qb3 Qb6 6. Qxb6 axb6 7. Bg5 dxc4 8. Bxf6 exf6 9. e4 Bg4 10. Bxc4 b5 11. Be2 b4 12. Nd1 Bd6 13. Ne3 Bxf3 14. Bxf3 O-O 15. O-O Nd7 16. Nc4 Bc7 17. Rfd1 b5 18. Ne3 Nb6 19. e5 fxe5 20. Bxc6 Ra5 21. d5 Rd8 22. b3 Kf8 23. g3 g6 24. Rd2 Ke7 25. Rc1 Bd6 26. Re2 Rc8 27. Rcc2 f5 28. f4 e4 29. Rb2 Kf6 30. Rec2 Rc7 31. Kf2 h5 32. Ng2 Raa7 33. Ke3 Ra5 34. Kd4 Ke7 35. Nh4 Kf6 36. Be8 g5 37. Rxc7 Bxc7 38. fxg5+ Kxg5 39. Rc2 Bd8 40. Kc5 Na8 41. Rf2 Bb6+ 0-1

[Event "Abe Yanofsky mem. U1800"]
[Site "Winnipeg CAN"]
[Date "2012.07.27"]
[Round "1"]
[White "Green, Jim"]
[Black "Campbell, Jamie"]
[Result "1/2-1/2"]
[WhiteElo "1769"]
[BlackElo "1582"]
[PlyCount "83"]
[GameId "2160767909441843"]
[EventDate "2012.07.27"]
[EventType "swiss"]
[EventRounds "5"]
[EventCountry "CAN"]
[SourceTitle "EXT 2022"]
[Source "ChessBase"]
[SourceDate "2021.10.06"]
[SourceVersion "1"]
[SourceVersionDate "2021.10.06"]
[SourceQuality "1"]

1. e4 d6 2. Nf3 Nf6 3. Nc3 g6 4. Bc4 Bg7 5. O-O Nxe4 6. Nxe4 d5 7. Nf6+ Bxf6 8. Be2 c5 9. d4 cxd4 10. Nxd4 e5 11. Bb5+ Bd7 12. Bxd7+ Qxd7 13. Nf3 O-O 14. c3 Nc6 15. Bh6 Rfe8 16. Rc1 e4 17. Nd4 Nxd4 18. cxd4 Rac8 19. Be3 Bg7 20. Qd2 Rxc1 21. Rxc1 Rc8 22. Rxc8+ Qxc8 23. h3 b6 24. b3 f5 25. Qb4 Qd7 26. a4 Kf7 27. Qc3 h6 28. h4 Kg8 29. g3 Kh7 30. Kg2 a6 31. Qc2 b5 32. axb5 Qxb5 33. Qc3 a5 34. Qc5 Qxb3 35. Qxa5 Qc4 36. Qa7 g5 37. hxg5 hxg5 38. Qf7 f4 39. gxf4 gxf4 40. Qh5+ Kg8 41. Qe8+ Kh7 42. Qh5+ 1/2-1/2

[Event "Abe Yanofsky mem. U1800"]
[Site "Winnipeg CAN"]
[Date "2012.07.27"]
[Round "1"]
[White "Leaden, Bruce"]
[Black "Wasserman, Arie"]
[Result "0-1"]
[WhiteElo "1544"]
[BlackElo "1736"]
[PlyCount "70"]
[GameId "2160767909441844"]
[EventDate "2012.07.27"]
[EventType "swiss"]
[EventRounds "5"]
[EventCountry "CAN"]
[SourceTitle "EXT 2022"]
[Source "ChessBase"]
[SourceDate "2021.10.06"]
[SourceVersion "1"]
[SourceVersionDate "2021.10.06"]
[SourceQuality "1"]

1. e4 e5 2. Nf3 Nc6 3. d4 exd4 4. Bc4 Bb4+ 5. c3 dxc3 6. bxc3 Ba5 7. Qb3 Qe7 8. O-O Bb6 9. Bg5 Nf6 10. Re1 Na5 11. Bxf6 Bxf2+ 12. Kxf2 gxf6 13. Bxf7+ Qxf7 14. Qxf7+ Kxf7 15. Nbd2 d6 16. Rab1 b6 17. Nd4 Ba6 18. Nb5 Bxb5 19. Rxb5 Nc6 20. Nf3 Ne5 21. Nxe5+ fxe5 22. Rd5 Ke6 23. Red1 Rhf8+ 24. Ke3 Rf7 25. a4 Rg8 26. R1d2 Rfg7 27. Kf3 h5 28. Rb5 a5 29. Rbd5 Rg4 30. g3 h4 31. Rg2 R4g6 32. c4 Rf6+ 33. Ke3 hxg3 34. hxg3 Rgf8 35. Rdd2 Rf3+ 0-1

[Event "Abe Yanofsky mem. U1800"]
[Site "Winnipeg CAN"]
[Date "2012.07.27"]
[Round "1"]
[White "Letain, Cory"]
[Black "Enns, Edward"]
[Result "1-0"]
[WhiteElo "1600"]
[BlackElo "1136"]
[PlyCount "65"]
[GameId "2160767909441845"]
[EventDate "2012.07.27"]
[EventType "swiss"]
[EventRounds "5"]
[EventCountry "CAN"]
[SourceTitle "EXT 2022"]
[Source "ChessBase"]
[SourceDate "2021.10.06"]
[SourceVersion "1"]
[SourceVersionDate "2021.10.06"]
[SourceQuality "1"]

1. d4 g6 2. c4 Bg7 3. Nc3 e6 4. e4 Ne7 5. Nf3 O-O 6. Be2 d6 7. O-O Nd7 8. Be3 b6 9. Qc2 Bb7 10. d5 Bxc3 11. Qxc3 e5 12. b4 c6 13. Bh6 Re8 14. Nd2 cxd5 15. cxd5 Rc8 16. Qb2 f5 17. Nc4 Nf6 18. f4 Nxe4 19. fxe5 Nxd5 20. Nxd6 Nxd6 21. exd6 Qf6 22. Qxf6 Nxf6 23. Bf3 Bc6 24. Bxc6 Rxc6 25. Rad1 Nd7 26. Bg5 b5 27. Be7 Kf7 28. Rc1 Ra6 29. Rc7 Rxe7 30. dxe7 Kxe7 31. Rd1 Rd6 32. Rxd6 Kxd6 33. Rxa7 1-0

[Event "Abe Yanofsky mem. U1800"]
[Site "Winnipeg CAN"]
[Date "2012.07.27"]
[Round "1"]
[White "Ott, Richard"]
[Black "Avena, Danilo"]
[Result "0-1"]
[WhiteElo "1581"]
[BlackElo "1756"]
[PlyCount "75"]
[GameId "2160767909441846"]
[EventDate "2012.07.27"]
[EventType "swiss"]
[EventRounds "5"]
[EventCountry "CAN"]
[SourceTitle "EXT 2022"]
[Source "ChessBase"]
[SourceDate "2021.10.06"]
[SourceVersion "1"]
[SourceVersionDate "2021.10.06"]
[SourceQuality "1"]

1. d4 b6 2. c4 Bb7 3. Nc3 e6 4. Bf4 Nf6 5. a3 a6 6. e3 Be7 7. Nf3 Nh5 8. Bg3 d6 9. Be2 Nd7 10. Qc2 Nxg3 11. hxg3 Nf6 12. O-O-O c5 13. d5 exd5 14. Nxd5 Nxd5 15. cxd5 h6 16. Bd3 Bxd5 17. e4 Be6 18. Nh4 b5 19. f4 c4 20. Be2 Qb6 21. Qc3 Bf6 22. Qf3 Rc8 23. e5 dxe5 24. Qe4 c3 25. b4 Qc6 26. Qxc6+ Rxc6 27. Bf3 Rc7 28. f5 Bb3 29. Rd6 Bg5+ 30. Kb1 c2+ 31. Kb2 Ba4 32. Rxa6 O-O 33. Rc6 Rfc8 34. Rxc7 Rxc7 35. Rc1 Bxc1+ 36. Kxc1 Rc3 37. Be4 Rxa3 38. Bxc2 0-1

[Event "Abe Yanofsky mem. U1800"]
[Site "Winnipeg CAN"]
[Date "2012.07.27"]
[Round "1"]
[White "Trueman, Francis"]
[Black "Ma, Derek"]
[Result "0-1"]
[WhiteElo "1504"]
[BlackElo "1682"]
[PlyCount "112"]
[GameId "2160767909441849"]
[EventDate "2012.07.27"]
[EventType "swiss"]
[EventRounds "5"]
[EventCountry "CAN"]
[SourceTitle "EXT 2022"]
[Source "ChessBase"]
[SourceDate "2021.10.06"]
[SourceVersion "1"]
[SourceVersionDate "2021.10.06"]
[SourceQuality "1"]

1. Nf3 d5 2. d3 Nc6 3. Nbd2 e5 4. e4 d4 5. g3 Nf6 6. Bg2 Be6 7. O-O Qd7 8. a4 O-O-O 9. Ng5 Bg4 10. Ngf3 Bh3 11. Nc4 Bxg2 12. Kxg2 Bd6 13. Nxd6+ Qxd6 14. b3 h6 15. Ba3 Nb4 16. Bxb4 Qxb4 17. Nxe5 Qe7 18. Nf3 g5 19. Qd2 g4 20. Nh4 Nd7 21. b4 Ne5 22. Nf5 Qf6 23. Qf4 h5 24. Nh4 Rd6 25. Qxf6 Rxf6 26. Rac1 Nf3 27. Nxf3 gxf3+ 28. Kg1 h4 29. c4 Rfh6 30. g4 h3 31. Kh1 Rg6 32. Rg1 Rhg8 33. Rg3 Rxg4 34. Rxh3 Rf4 35. Rg1 Rf8 36. Rgg3 f5 37. e5 Kd7 38. Rxf3 Rg4 39. Rhg3 Rh4 40. Rh3 Rg4 41. c5 f4 42. Rhg3 fxg3 43. Rxf8 g2+ 44. Kg1 Ke6 45. h3 Rg7 46. f4 Rg3 47. Rd8 Rxd3 48. h4 Rh3 49. Kxg2 Rxh4 50. Kg3 Rh7 51. Rxd4 b6 52. c6 Rh1 53. Rd7 Rb1 54. Rxc7 Rxb4 55. Rxa7 Rc4 56. Rc7 Rxa4 0-1

[Event "Abe Yanofsky mem. U1800"]
[Site "Winnipeg CAN"]
[Date "2012.07.27"]
[Round "1"]
[White "Villeneuve, Justin"]
[Black "Gannon, Keith"]
[Result "0-1"]
[WhiteElo "1211"]
[BlackElo "1603"]
[PlyCount "110"]
[GameId "2160767909441850"]
[EventDate "2012.07.27"]
[EventType "swiss"]
[EventRounds "5"]
[EventCountry "CAN"]
[SourceTitle "EXT 2022"]
[Source "ChessBase"]
[SourceDate "2021.10.06"]
[SourceVersion "1"]
[SourceVersionDate "2021.10.06"]
[SourceQuality "1"]

1. e4 e5 2. Nf3 d6 3. d4 exd4 4. Nxd4 Nf6 5. Nc3 Be7 6. Bc4 O-O 7. O-O Bd7 8. Bf4 Nc6 9. Be3 Nxd4 10. Bxd4 Re8 11. Qd2 Bc6 12. Rfe1 a6 13. Rad1 Qd7 14. e5 dxe5 15. Bxe5 Qxd2 16. Rxd2 Bd6 17. Rde2 Bxe5 18. Rxe5 Rxe5 19. Rxe5 Kf8 20. h3 Rd8 21. Re2 h6 22. g4 Re8 23. Rxe8+ Kxe8 24. b4 b5 25. Bb3 Ke7 26. Kf1 g5 27. a4 bxa4 28. Bxa4 Bf3 29. Ne2 h5 30. gxh5 Nxh5 31. c3 f6 32. Nd4 Bd5 33. Bd1 Nf4 34. Bf3 Bxf3 35. Nxf3 Nxh3 36. Kg2 Nf4+ 37. Kf1 Nd5 38. c4 Nxb4 39. Ke2 a5 40. Nd4 a4 41. Nb5 c6 42. Na3 Kd6 43. Kd2 f5 44. f3 f4 45. Kc3 c5 46. Nb5+ Ke5 47. Na3 Kf5 48. Kd2 g4 49. fxg4+ Kxg4 50. Ke2 Kg3 51. Kf1 f3 52. Kg1 Nd3 53. Nb5 f2+ 54. Kf1 Ne5 55. Na3 Nf3 0-1

[Event "Abe Yanofsky mem. U1800"]
[Site "Winnipeg CAN"]
[Date "2012.07.27"]
[Round "1"]
[White "Wolchock, Theo"]
[Black "Afolabi, Damola"]
[Result "1-0"]
[WhiteElo "1735"]
[BlackElo "1516"]
[PlyCount "65"]
[GameId "2160767909441851"]
[EventDate "2012.07.27"]
[EventType "swiss"]
[EventRounds "5"]
[EventCountry "CAN"]
[SourceTitle "EXT 2022"]
[Source "ChessBase"]
[SourceDate "2021.10.06"]
[SourceVersion "1"]
[SourceVersionDate "2021.10.06"]
[SourceQuality "1"]

1. c4 e5 2. g3 Nf6 3. Bg2 Bc5 4. Nc3 O-O 5. e3 c6 6. Nge2 d5 7. cxd5 cxd5 8. O-O e4 9. b3 Nc6 10. a3 Ne5 11. Qc2 Bb6 12. Bb2 Bg4 13. h3 Nf3+ 14. Bxf3 Bxf3 15. Kh2 Rc8 16. d3 Nh5 17. Ng1 Qd6 18. Qd2 Nf6 19. Nxf3 exf3 20. Qd1 Bxe3 21. fxe3 Ng4+ 22. hxg4 Qh6+ 23. Kg1 Qxe3+ 24. Rf2 Rfe8 25. Qxf3 d4 26. Ne4 Qh6 27. Qxf7+ Kh8 28. Raf1 Qe3 29. Kg2 h5 30. Qxh5+ Kg8 31. Qf7+ Kh8 32. Rh1+ Qh6 33. Rxh6+ 1-0

[Event "Abe Yanofsky mem. U1800"]
[Site "Winnipeg CAN"]
[Date "2012.07.28"]
[Round "2"]
[White "Avena, Danilo"]
[Black "Letain, Cory"]
[Result "1-0"]
[WhiteElo "1756"]
[BlackElo "1600"]
[PlyCount "115"]
[GameId "2160767909441853"]
[EventDate "2012.07.27"]
[EventType "swiss"]
[EventRounds "5"]
[EventCountry "CAN"]
[SourceTitle "EXT 2022"]
[Source "ChessBase"]
[SourceDate "2021.10.06"]
[SourceVersion "1"]
[SourceVersionDate "2021.10.06"]
[SourceQuality "1"]

1. b3 e5 2. Bb2 Nc6 3. c4 Nf6 4. Nc3 d5 5. cxd5 Nxd5 6. e4 Nf6 7. Nf3 Bd6 8. Bb5 O-O 9. O-O Nd4 10. h3 Nxb5 11. Nxb5 a6 12. Nxd6 cxd6 13. Re1 Bd7 14. d4 exd4 15. Qxd4 Bc6 16. g4 h6 17. g5 hxg5 18. Nxg5 Nh5 19. Nf3 Qf6 20. Qxf6 Nxf6 21. Ng5 Rfe8 22. f3 Nh5 23. h4 Nf4 24. Kh2 Nd3 25. Re2 Nxb2 26. Rxb2 Bd7 27. Rd2 f6 28. Nh3 Bxh3 29. Kxh3 Rad8 30. h5 Re5 31. Kh4 f5 32. exf5 Rxf5 33. Kg4 Rdf8 34. Rf1 Rf4+ 35. Kg3 R4f5 36. Rxd6 Rxh5 37. Rd7 Rf7 38. Rfd1 Rhf5 39. Rxf7 Rxf7 40. Kg4 Kf8 41. Rd8+ Ke7 42. Rb8 Kd6 43. f4 Kc6 44. Kg5 Rd7 45. Kg6 Kd6 46. Rg8 Ke6 47. Re8+ Kd5 48. Re1 Kc5 49. f5 b5 50. Re8 Kd4 51. Ra8 Rd6+ 52. Kxg7 Ke5 53. Rf8 Rd7+ 54. Kg6 Rd6+ 55. f6 Rd2 56. Re8+ Kf4 57. f7 Rg2+ 58. Kf6 1-0

[Event "Abe Yanofsky mem. U1800"]
[Site "Winnipeg CAN"]
[Date "2012.07.28"]
[Round "2"]
[White "Campbell, Jamie"]
[Black "Czarny, Keith"]
[Result "0-1"]
[WhiteElo "1582"]
[BlackElo "1655"]
[PlyCount "54"]
[GameId "2160767909441854"]
[EventDate "2012.07.27"]
[EventType "swiss"]
[EventRounds "5"]
[EventCountry "CAN"]
[SourceTitle "EXT 2022"]
[Source "ChessBase"]
[SourceDate "2021.10.06"]
[SourceVersion "1"]
[SourceVersionDate "2021.10.06"]
[SourceQuality "1"]

1. Nf3 Nc6 2. g3 f5 3. Bg2 Nf6 4. O-O g6 5. b3 Bg7 6. Bb2 O-O 7. c4 d6 8. d3 e5 9. Nbd2 Qe7 10. a3 e4 11. dxe4 fxe4 12. Ng5 e3 13. Ndf3 Ng4 14. Qd5+ Kh8 15. Bxg7+ Kxg7 16. Qe4 exf2+ 17. Kh1 Qf6 18. Bh3 Bf5 19. Qf4 h5 20. Bxg4 hxg4 21. Nh4 Rae8 22. Nxf5+ Qxf5 23. Rxf2 Qd7 24. Raf1 Rxf4 25. Rxf4 Ne5 26. Ne4 Qc6 27. Kg2 g5 0-1